| 000 | 003540000a22001570004500 | ||
|---|---|---|---|
| 001 | 002073 | ||
| 003 | MACL | ||
| 040 | _aMACL | ||
| 090 |
_c14066 _d14065 |
||
| 100 | _aKokandakar, J.R | ||
| 245 |
_aGita Its Message And Importance _cJ.R Kokandakar |
||
| 260 |
_aBharatiya Vidya Bhavan, _c1996 |
||
| 350 | _a75 | ||
| 650 | _a Religion | ||
| 942 |
_k295 _cBook |
||
| 999 |
_c13989 _d13989 |
||